| 000 | 00961nmm a2200289 a 4500 | ||
|---|---|---|---|
| 001 | ocm000714360 | ||
| 003 | TR-IsHL | ||
| 005 | 20201028154359.0 | ||
| 008 | 150709s2000 tu tur | ||
| 007 | cr cn | ||
| 035 |
_a714360 _b(N$T) |
||
| 050 | 0 | 4 |
_aTJ163.3 _bÇ48 2000 |
| 090 | 0 | 4 |
_aTJ163.3 _bÇ48 2000 |
| 100 | 1 | _aÇetin, İlhami | |
| 245 | 1 | 0 |
_aSanayide elektrik enerjisi nasıl tasarruf edilir? _h[electronic resource] / _cİlhami Çetin |
| 250 | _a1. bs. | ||
| 260 |
_aİstanbul : _bİstanbul Ticaret Odası, _c2000 |
||
| 300 | _a86 p. | ||
| 650 | 4 | _aEkonomi ve Finans | |
| 650 | 4 | _aEconomics and Finance | |
| 650 | 0 |
_aEndüstriler _x Enerji koruma |
|
| 650 | 0 |
_aIndustries _x Energy conservation |
|
| 650 | 0 | _aEnerji tüketimi | |
| 650 | 0 | _aEnergy consumption | |
| 650 | 7 |
_aBUSINESS & ECONOMICS / Industries / Energy _2bisacsh |
|
| 856 | 4 | 0 | _uhttp://search.ebscohost.com/login.aspx?direct=true&scope=site&db=e011xww&AN=714360 |
| 999 |
_c12546 _d12546 |
||